00432 2200169 4500001002100000008004100021035002000062245004400082100001100126260002800137300002900165020002200194084001400216082000800230990001200238990001200250INLIS000000000001454 Ind  a0010-1024000007 aCinta Bertabur Di Langit MekkahcRoidah aRoidah aJakartabErlanggac2009 a220 hlm.c13,5 x 19,5 cm a978-979-033-887-1 a813 ROI c a813 a0753704 a0753705